header

Bad days in Basra (Record no. 173240)

MARC details
000 -LEADER
fixed length control field 01511nam a2200373 a 4500
082 04 - DEWEY DECIMAL CLASSIFICATION NUMBER
Classification number 956.70443092
100 1# - MAIN ENTRY--AUTHOR NAME
Personal name Synnott, Hilary.
245 10 - TITLE STATEMENT
Title Bad days in Basra
260 ## - PUBLICATION, DISTRIBUTION, ETC. (IMPRINT)
Place of publication London ;
-- New York :
Name of publisher I.B. Tauris ;
Place of publication New York :
Name of publisher Distributed in the USA by Palgrave Macmillan,
Year of publication 2008.
300 ## - PHYSICAL DESCRIPTION
Number of Pages xvi, 287 p., [8] p. of plates :
Other physical details ill., maps.
650 #0 - SUBJECT ADDED ENTRY--TOPICAL TERM
Topical Term Iraq War, 2003-2011
Topical Term Diplomats
856 40 - ELECTRONIC LOCATION AND ACCESS
Uniform Resource Identifier http://site.ebrary.com/lib/rucke/Doc?id=10289951

No items available.

© 2026 Rongo University
Contact us: librarian | system librarian | Rongo university